Capitales América - Estadísticas

Estadísticas generales
  • Esta prueba ha sido intentada 50 veces
    38 desde el último reinicio
  • La puntuación promedio es 33 de 53
Estadísticas de respuestas
País/Territorio Ciudad Capital % Correcto
Paraguay Asunción
100%
Colombia Bogotá
100%
Brasil Brasilia
100%
Argentina Buenos Aires
100%
Venezuela Caracas
100%
México Ciudad de México
100%
Panamá Ciudad de Panamá
100%
Cuba La Habana
100%
Perú Lima
100%
Uruguay Montevideo
100%
Canadá Ottawa
100%
Ecuador Quito
100%
El Salvador San Salvador
100%
Chile Santiago de Chile
100%
República Dominicana Santo Domingo
100%
Bolivia Sucre / La Paz
100%
Estados Unidos Washington D.C
100%
Jamaica Kingston
92%
Nicaragua Managua
92%
Costa Rica San José
92%
Belice Belmopán
85%
Guatemala Ciudad de Guatemala
85%
Trinidad y Tobago Puerto España
77%
Haití Puerto Príncipe
77%
Honduras Tegucigalpa
77%
Guyana Georgetown
69%
Bahamas Nasáu
69%
Puerto Rico San Juan
69%
Barbados Bridgetown
62%
Surinam Paramaribo
62%
Dominica Roseau
62%
Antigua y Barbuda Saint John
62%
Santa Lucía Castries
54%
Guyana Francesa Cayena
54%
Groenlandia Nuuk
54%
San Cristóbal y Nieves Basseterre
46%
San Vicente y las Granadinas Kingstown
46%
Granada Saint George
46%
Islas Malvinas Stanley
31%
Guadalupe Basse-Terre
15%
Anguila El Valle
15%
Aruba Oranjestad
15%
San Pedro y Miquelón San Pedro
15%
Islas Turcas y Caicos Cockburn Town
8%
Martinica Fort-de-France
8%
Montserrat Plymouth
8%
Islas Vírgenes Británicas Road Town
8%
Islas Vírgines de los Estados Unidos Charlotte Amalie
0%
Islas Caimán George Town
0%
Bonaire Kralendijk
0%
San Martín Philipsburg
0%
Isla de Saba The Bottom
0%
Curazao Willemstad
0%
No se encontraron pruebas coincidentes
Distribución de puntuación
Porcentaje de gente con cada puntuación
Porcentaje por número respondido
Historial de tus puntuaciones
No has intentado esta prueba desde el último reinicio